Crítica del ideal de la formación humana en nuestro tiempo: selección

Gorde:
Xehetasun bibliografikoak
Egile nagusia: Vico, Giambattista (Egilea)
Formatua: Liburua
Hizkuntza:gaztelania
Argitaratua: Santiago Universidad de Chile 1960
Santiago Instituto de Investigaciones Histórico-Culturales 1960
Saila:Colección Tradición y Tarea
Gaiak:
Etiketak: Etiketa erantsi
Etiketarik gabe, Izan zaitez lehena erregistro honi etiketa jartzen!

MARC

LEADER 00000nam a2200000 a 4500
001 UCZ7561
003 CL-VaPUC
008 960105e19600000CL |||||||||||||||||spa|d
082 0 4 |a 370.1  |b VIC  |2 21 
100 0 |a Vico, Giambattista  |e author  |9 266513 
245 1 0 |a Crítica del ideal de la formación humana en nuestro tiempo: selección 
246 1 0 |a Principios de una ciencia nueva en torno a la naturaleza común de las naciones: selección de la segunda ciencia nueva de 1744 
300 |a 418 p 
942 |c BK 
945 |d 19960105 00:00:00  |a cmena 
260 |a Santiago  |b Universidad de Chile  |c 1960 
260 |a Santiago  |b Instituto de Investigaciones Histórico-Culturales  |c 1960 
650 0 |a Filosofía de la educación   |9 258384 
650 0 |a Desarrollo individual   |9 307875 
650 0 |a Aprendizaje   |9 254827 
650 0 |a Filosofía de las ciencias  |9 256466 
650 0 |a Ciencia  |9 255691 
650 0 |a Métodos de enseñanza  |9 270413 
650 0 |a Artes  |9 268202 
650 0 |a Universidades  |9 256317 
583 |a last modification  |c 20130413 08:53:32  |k Rodrigo Vera 
490 0 |a Colección Tradición y Tarea 
999 |c 243615  |d 243613 
952 |0 0  |1 0  |4 0  |6 370_100000000000000_VIC_1960_1960  |7 0  |8 P  |9 257320  |a BIBEDU  |b BIBEDU  |c BIBEDU_PB  |d 2019-11-19  |i 1612328  |l 1  |o 370.1 VIC 1960 1960  |p 1612328  |r 2025-04-08  |s 2025-04-01  |w 2019-11-19  |y BK  |k EDU 
952 |0 0  |1 0  |4 0  |6 370_100000000000000_VIC_1960_1960  |7 0  |8 P  |9 257321  |a BIBEDU  |b BIBEDU  |c BIBEDU_PB  |d 2019-11-19  |i 4060164  |o 370.1 VIC 1960 1960  |p 4060164  |r 2024-01-25  |w 2019-11-19  |y BK  |k BME